Вальс (Запись № 13560290)

Подробности
000 -МАРКЕР
контрольное поле 03652njm0a2200577 4500
001 - ИДЕНТИФИКАТОР ЗАПИСИ
контрольное поле RU\NLR\ONIZ\309013
005 - ИДЕНТИФИКАТОР ВЕРСИИ
контрольное поле 20260308045857.0
035 ## - ДРУГИЕ СИСТЕМНЫЕ НОМЕРА
Идентификатор записи (NLR Aleph) 022747845
071 00 - ИЗДАТЕЛЬСКИЙ НОМЕР
Номер, присвоенный агентством X-60614
071 00 - ИЗДАТЕЛЬСКИЙ НОМЕР
Номер, присвоенный агентством Х-60615
071 00 - ИЗДАТЕЛЬСКИЙ НОМЕР
Номер, присвоенный агентством X 60614:
071 00 - ИЗДАТЕЛЬСКИЙ НОМЕР
Номер, присвоенный агентством X 60615:R
071 10 - ИЗДАТЕЛЬСКИЙ НОМЕР
Номер, присвоенный агентством 3402l
071 10 - ИЗДАТЕЛЬСКИЙ НОМЕР
Номер, присвоенный агентством 2838r
100 ## - ДАННЫЕ ОБЩЕЙ ОБРАБОТКИ
Данные общей обработки 20180917d1907 u y0rusy50 ca
102 ## - СТРАНА ПУБЛИКАЦИИ ИЛИ ПРОИЗВОДСТВА
Страна публикации российская федерация
126 ## - ПОЛЕ КОДИРОВАННЫХ ДАННЫХ: ЗВУКОЗАПИСИ - ФИЗИЧЕСКИЕ ХАРАКТЕРИСТИКИ
Кодированные данные звукозаписи (общие) adaxdxu ux
Кодированные данные звукозаписи (уточнения) xxx
127 ## - ПОЛЕ КОДИРОВАННЫХ ДАННЫХ: ПРОДОЛЖИТЕЛЬНОСТЬ ЗВУКОЗАПИСЕЙ И НОТНЫХ ИЗДАНИЙ (МУЗЫКАЛЬНОЕ ИСПОЛНЕНИЕ)
Продолжительность 000535
145 0# - ПОЛЕ КОДИРОВАННЫХ ДАННЫХ: СРЕДСТВО ИСПОЛНЕНИЯ МУЗЫКАЛЬНОГО ПРОИЗВЕДЕНИЯ (УСТАРЕВШЕЕ)
Тип средства исполнения b
200 1# - ЗАГЛАВИЕ И СВЕДЕНИЯ ОБ ОТВЕТСТВЕННОСТИ
Основное заглавие Вальс
Общее обозначение материала Звукозапись
Сведения, относящиеся к заглавию из бал. "Коппелия"
Первые сведения об ответственности [муз.] Делиба
Последующие сведения об ответственности исполняет: Оркестр "Зонофон", [дирижер В. В. Волчек]
203 ## - ВИД СОДЕРЖАНИЯ И ТИП СРЕДСТВА
Вид содержания музыка
Дополнительные сведения об издании исполнительская
Тип средства аудио
210 ## - ПУБЛИКАЦИЯ, РАСПРОСТРАНЕНИЕ И ДР.
Место издания, распространения и т.д. S. l.
Имя издателя, распространителя и т. д. Zonophone record
Дата издания, распространения и т.д. [1907]
Имя изготовителя О-во Граммофонъ съ огр. отв.
Место изготовления Рига
215 ## - ФИЗИЧЕСКАЯ ХАРАКТЕРИСТИКА
Специфическое обозначение материала и объем 1 грп. (ок. 6 мин) : 78 об/мин, моно
Размеры 25 см, в конв.
300 ## - ОБЩИЕ ПРИМЕЧАНИЯ
Текст примечания Запись 1905 г. (1), 1907 г. (2), Санкт-Петербург
300 ## - ОБЩИЕ ПРИМЕЧАНИЯ
Текст примечания Инж. звукозап. Ф. Хампе (1), М. Хампе (2)
300 ## - ОБЩИЕ ПРИМЕЧАНИЯ
Текст примечания Инж. звукозап., даты записи и исполн. установл. по кат. А. Келли
423 #0 - ИЗДАЕТСЯ В ОДНОЙ ОБЛОЖКЕ ВМЕСТЕ С ...
Встроенное поле 2001#$aВальс$e[из оп-ты] Веселая вдова$f[муз.] Легара$gисполняет: Оркестр "Зонофон", [дирижер Б. Зайдлер-Винклер]
-- 210##$cZonophone record$aS. l.$gО-во Граммофонъ съ огр. отв.$eРига$d[1907]
-- 50000$aВесёлая вдова$iВальс$bЗвукозапись$lоперетта$rоркестр$7ca
-- 700#1$9z01790$aЛегар$bФ.$gФеренц (Франц)$f1870-1948$4230$7ca
-- 702#1$9z02790$aЗайдлер-Винклер$bБ.$gБруно$f1880-1960$4250
-- 702#1$9z03790$aХампе$bТ. Г. М.$gТеодор Генрих Макс$cинженер звукозаписи$f1877-1957$4670$7ca
-- 71202$a"Зонофон", оркестр$4590$7ca
-- 790#1$9z01700$aLehár$bF.$gFranz$f1870-1948$4230$7ba
-- 790#1$9z02702$aSeidler-Winkler$bB.$gBruno$cconductor$f1880-1960$4250$7ba
-- 790#1$9z03702$aHampe$bTh. H. M.$gTheodor Heinrich Max$f1877-1957$4670$7ba
Заглавие Вальс
Автор Легар, Ференц (Франц) (1870-1948)
500 00 - УНИФИЦИРОВАННОЕ ЗАГЛАВИЕ
Унифицированное заглавие Коппелия
Наименование раздела или части Вальс
Общее обозначение материала Звукозапись
Сведения, относящиеся к заглавию/сведения о виде, жанре, характере документа балет
Средства исполнения (для музыкальных произведений) оркестр
Графика поля Кириллица
606 1# - НАИМЕНОВАНИЕ ТЕМЫ КАК ПРЕДМЕТ
Наименование темы Вальсы из балетов
Географический подзаголовок Франция
Хронологический подзаголовок 19 в.
Формальный подзаголовок Звукозапись
Код системы nlr_sh
606 1# - НАИМЕНОВАНИЕ ТЕМЫ КАК ПРЕДМЕТ
Наименование темы Вальсы из оперетт
Географический подзаголовок Венгрия
Хронологический подзаголовок 19-20 вв.
Формальный подзаголовок Звукозапись
Код системы nlr_sh
-- ca
606 1# - НАИМЕНОВАНИЕ ТЕМЫ КАК ПРЕДМЕТ
Наименование темы Оркестры симфонические
Географический подзаголовок Россия
Хронологический подзаголовок 20 в.
Формальный подзаголовок Звукозапись
Код системы nlr_sh
-- ca
686 ## - ИНДЕКСЫ ДРУГИХ КЛАССИФИКАЦИЙ
Индекс Щ951.1-072(4Фр)
686 0# - ИНДЕКСЫ ДРУГИХ КЛАССИФИКАЦИЙ
Индекс Щ951.1-073(4Вн)
700 #1 - ИМЯ ЛИЦА - ПЕРВИЧНАЯ ОТВЕТСТВЕННОСТЬ
Системный номер авторитетной/нормативной записи z01790
Начальный элемент ввода Делиб
Часть имени, кроме начального элемента ввода Л.
Даты 1836-1891
Расширение инициалов личного имени Лео
Код отношения Композитор
702 #1 - ИМЯ ЛИЦА - ВТОРИЧНАЯ ОТВЕТСТВЕННОСТЬ
Системный номер авторитетной/нормативной записи z05790
Начальный элемент ввода Волчек
Часть имени, кроме начального элемента ввода В. В.
Дополнения к именам, кроме дат дирижёр
Код отношения Дирижер, Руководитель оркестра
Графика поля Кириллица
702 #1 - ИМЯ ЛИЦА - ВТОРИЧНАЯ ОТВЕТСТВЕННОСТЬ
Системный номер авторитетной/нормативной записи z06790
Начальный элемент ввода Хампе
Часть имени, кроме начального элемента ввода Г. Ф.
Дополнения к именам, кроме дат инженер записи
Даты 1879-1947
Расширение инициалов личного имени Георг Франц
Код отношения Инженер записи
Графика поля Кириллица
702 #1 - ИМЯ ЛИЦА - ВТОРИЧНАЯ ОТВЕТСТВЕННОСТЬ
Системный номер авторитетной/нормативной записи z07790
Начальный элемент ввода Келли
Часть имени, кроме начального элемента ввода А.
Даты 1928-2015
Расширение инициалов личного имени Алан
Код отношения Оценщик, Эксперт
Графика поля Кириллица
712 02 - НАИМЕНОВАНИЕ ОРГАНИЗАЦИИ - ВТОРИЧНАЯ ОТВЕТСТВЕННОСТЬ
Начальный элемент ввода "Зонофон", оркестр
Код отношения Исполнитель
Графика поля Кириллица
790 #1 - ИМЯ ЛИЦА - АЛЬТЕРНАТИВНАЯ ФОРМА
Системный номер авторитетной/нормативной записи z01700
Начальный элемент ввода Delibes
Часть имени, кроме начального элемента ввода L.
Даты 1836-1891
Расширение инициалов личного имени Leo
Код отношения Композитор
Графика поля Латинская
790 #1 - ИМЯ ЛИЦА - АЛЬТЕРНАТИВНАЯ ФОРМА
Системный номер авторитетной/нормативной записи z05702
Начальный элемент ввода Volček
Часть имени, кроме начального элемента ввода V. V.
Дополнения к именам, кроме дат conductor
Код отношения Дирижер, Руководитель оркестра
Графика поля Латинская
790 #1 - ИМЯ ЛИЦА - АЛЬТЕРНАТИВНАЯ ФОРМА
Системный номер авторитетной/нормативной записи z06702
Начальный элемент ввода Hampe
Часть имени, кроме начального элемента ввода G. F.
Дополнения к именам, кроме дат recording engineer
Даты 1879-1947
Расширение инициалов личного имени Georg Franz
Код отношения Инженер записи
Графика поля Латинская
790 #1 - ИМЯ ЛИЦА - АЛЬТЕРНАТИВНАЯ ФОРМА
Системный номер авторитетной/нормативной записи z07702
Начальный элемент ввода Kelly
Часть имени, кроме начального элемента ввода A.
Даты 1928-2015
Расширение инициалов личного имени Alan
Код отношения Оценщик, Эксперт
Графика поля Кириллица
801 #0 - ИСТОЧНИК ЗАПИСИ
Страна российская федерация
Организация NLR
Дата составления 20180917
Правила каталогизации PSBO
801 #1 - ИСТОЧНИК ЗАПИСИ
Страна российская федерация
Организация NLR
Дата составления 20180917
Источник данных rusmarc
801 #2 - ИСТОЧНИК ЗАПИСИ
Страна российская федерация
Организация NLR
Дата составления 20260225
852 ## - МЕСТОНАХОЖДЕНИЕ И ШИФР ХРАНЕНИЯ
Идентификатор организации NLR
Шифр хранения (Call Number) Мг 2к/9141
Идентификатор единицы 45476
Номер экземпляра 1
942 ## - ДОПОЛНИТЕЛЬНЫЕ ЭЛЕМЕНТЫ ЗАПИСИ (АБИС)
Тип экземпляра АБИС Звукозапись
980 ## - КОЛЛЕКЦИЯ
Название коллекции Отдел нот и звукозаписей
980 ## - КОЛЛЕКЦИЯ
Название коллекции Национальная библиография

Нет доступных экземпляров.